000
00313nam a22001337a 4500
008
180308b xxu||||| |||| 00| 0 eng d
020
_a
9780140125481
041
_a
eng
080
_a
94
100
_a
16
101
_a
HIS
245
_a
Private lives public spirit: britain 1870-1914
_c
Harris,J
942
_2
udc
_c
BK
999
_c
44357
_d
44357